[Event "FIDE Candidates 2026"]
[Site "Pegeia, Cyprus"]
[Date "2026.04.14"]
[Round "13.1"]
[White "Wei, Yi"]
[Black "Esipenko, Andrey"]
[Result "1-0"]
[WhiteElo "2754"]
[BlackElo "2698"]
[Annotator "Crowther,Mark"]
[PlyCount "91"]
[EventDate "2026.??.??"]
[TimeControl "40/7200:1800+30"]

{[%evp 0,91,28,18,18,18,50,14,33,35,35,-37,-4,-11,16,-51,-17,6,59,6,62,57,43,30,21,13,15,8,51,42,28,63,88,44,76,25,22,30,51,52,166,166,116,40,40,40,40,29,76,29,29,44,44,59,73,36,32,-46,-19,0,0,0,0,0,0,0,0,0,0,-26,-19,0,0,0,0,0,0,-35,17,40,87,41,26,37,56,95,94,141,87,138,138,92,181,172]} 1. e4 e5 2. Nf3 Nf6 3. Nxe5 d6 4. Nf3 Nxe4 5. c4 Be7 6. d4 d5 7. Bd3 $1 Bb4+ (7... Bf5 8. O-O dxc4 9. Bxc4 O-O 10. Re1 Nd6 11. Bd5 Na6 12. a3 c6 13. Bb3 Nc7 14. Nc3 Ndb5 15. Nxb5 Nxb5 16. d5 Bg4 17. dxc6 Bxf3 18. gxf3 bxc6 19. Be3 Bf6 20. Rc1 Bxb2 21. Rxc6 Nd4 22. Rc4 Nxb3 23. Qxb3 Qa5 24. Rb1 Bf6 25. Rc5 Qa6 26. Rc7 Be5 27. Rb7 Qg6+ 28. Kf1 Bxh2 29. Rd1 Rab8 30. Rdd7 Rxb7 31. Qxb7 h5 32. Bxa7 h4 33. Qe4 Qxe4 34. fxe4 Be5 35. Kg2 g5 36. Be3 g4 37. Bd4 {1-0 Vachier Lagrave,M (2732)-Duda,J (2732) Titled Tuesday intern op 06th Feb Late Chess.com INT blitz 2024 (7)}) 8. Kf1 {Wei had played this once, against Yu Yangyi, in 2017.} c6 {[#]} ({RR} 8... O-O 9. a3 Be7 10. cxd5 Nf6 11. Nc3 Nbd7 12. h4 Nb6 13. Bg5 Nfxd5 14. Qc2 h6 15. Re1 Re8 16. Ne5 Bxg5 17. hxg5 Qxg5 18. Bh7+ Kf8 19. Nxd5 Nxd5 20. Qc5+ Ne7 21. Re3 Bf5 22. Rh5 Qxh5 23. Nd7+ {Wei,Y (2738)-Yu,Y (2753) Danzhou 2017 1-0 (64)}) ({RR} 8... Be7 9. cxd5 Nf6 10. Nc3 Nxd5 11. Qb3 Nxc3 12. bxc3 Nd7 13. Qc2 h6 14. Bf4 Nf6 15. Re1 O-O 16. h4 Nd5 17. Bd2 c6 18. Ng5 f5 19. Ne6 Bxe6 20. Rxe6 f4 21. Bc4 Qd7 22. Qe4 Rae8 23. Re5 {Ciric,P (2280)-Skomial,M (2100) Thessaloniki GRE 2026 0-1 (37)}) 9. Qc2 $146 {Wei Yi criticized his own move and didn't like his position.} ({RR} 9. Qb3 {is the main move.} Be7 10. cxd5 Nf6 11. Nc3 O-O 12. Bg5 {½-½ Mamedov,R (2680)-Kuzubov,Y (2646) TUR-chT Kocaeli 2017 (10.5)} cxd5 13. Bxf6 Bxf6 14. Nxd5 Nc6 15. Nxf6+ Qxf6 16. d5 Ne7 17. Rd1 Rd8 18. Be4 Nf5 19. h3 Nd6 20. Bb1 Bd7 21. Kg1 Bb5 22. Bd3 Bxd3 23. Rxd3 Rac8 {Mamedov,R (2680)-Kuzubov,Y (2646) Kocaeli 2017 ½-½ (37)} 24. Kh2 Ne4 25. Rd4 Ng5 26. Rhd1 Nxf3+ 27. gxf3 Qd6+ 28. Kg2 b6 29. Re4 h6 30. Qe3 Kh7 31. Qe2 Rc5 32. Red4 Qg6+ 33. Kh2 Rc2 34. R1d2 Rc1 35. Rd1 Rc2 36. R1d2 Rc1 37. Rd1 Rc2 {½-½ Mamedov,R (2680)-Kuzubov,Y (2646) TUR-chT Kocaeli 2017 (10.5)}) 9... O-O 10. a3 Ba5 {Keeping an eye on the c3-square.} 11. Bf4 Nd7 12. Nc3 {Allowing Black to show why he put the bishop on a5.} Bxc3 13. bxc3 Qa5 {[%eval 15,21] [%wdl 18,978,4]} (13... Re8 {[%eval -21,18] [%wdl 3,974,23]}) 14. cxd5 $11 cxd5 15. c4 b6 16. Nd2 ({Esipenko spent time looking at this move, and he showed some lines.} 16. Ng5 Ndf6 (16... Nxg5 17. Bd2 $1 Qa6 {And the queen is badly placed.}) 17. f3 Nxg5 18. Bd2 dxc4 19. Bxa5 cxd3 20. Qd2 {The engine actually shows this line, and Esipenko calculated it. He didn't like this for Black, though the engine only gives White a slight edge.} Ne6) 16... f5 17. Kg1 Bb7 18. f3 {[%eval 1,19] [%wdl 7,986,7]} (18. h4 $14 {[%eval 42,19] [%wdl 53,946,1]}) 18... Rac8 {[%eval 52,17] [%wdl 84,915,1]} (18... g5 {Esipenko mentioned this as an option, and he should have played it. White prevents it on the next move.}) (18... Ndc5 {In this position, the computer shows that this is possible. The obvious point is that White cannot take the knight.} 19. dxc5 $4 Qxc5+ 20. Kf1 Qf2#) 19. h4 $1 $14 (19. fxe4 fxe4 20. Bxe4 Rxf4 $15 (20... dxe4 $2 21. Be3 $19)) 19... Ndc5 $2 {[%eval 130,16] [%wdl 814,186,0] \"Everything is out of control,\" said Wei about this position. The good news is that the sacrifice is unsound.} (19... h6) (19... Ba6) 20. dxc5 $2 $16 {This doesn't work.} Qxc5+ 21. Kh2 Qf2 22. Kh3 $1 {Everything else is at least equal for black.} (22. Nxe4 Qxh4+ 23. Kg1 Qxf4 $15) 22... Qd4 23. Bxe4 $1 {This is the move Esipenko missed from afar, when he sacrificed his knight.} (23. Rhf1 $2 {Wei Yi showed that this move wasn't possible. Black is better after} Nc5) (23. fxe4 $2 fxe4 {Black hits both bishops. This is perhaps why Esipenko thought his knight was secure on e4.} 24. Bxe4 Rxf4 $14) 23... fxe4 24. Bg3 e3 25. Nb3 Qf6 26. c5 Ba6 27. Rac1 $1 bxc5 28. Qd1 $6 {[%eval 18,23] [%wdl 7,992,1] Black has fought his way back into the game but blunders again.} (28. Nxc5 $1 $16 {[%eval 133,18] [%wdl 875,125,0]} Bc4 {Both players didn't see any continuation for White here, but the computer shows} 29. Nb7 $3 d4 30. Qe4 Rce8 {The players thought Black was even better here, but after another brilliant move} 31. Qb1 $1 {White is winning, though to a human eye the connected pawns still look a bit dangerous $1}) 28... Bc4 $2 {[%eval 62,20] [%wdl 93,907,0]} (28... d4 $1 $11 {[%eval 18,23] [%wdl 7,992,1] had to be played.} 29. Nxc5 Qf5+ (29... d3 30. Qb3+ (30. Nxd3 Qf5+ 31. Kh2 Qxd3 $11) 30... Kh8 31. Nxa6 (31. Nxd3 Qf5+ 32. Kh2 Qxd3 $14) 31... Qxa6) 30. Kh2 $16 Rxc5 31. Qxd4 {Esipenko did not like this position, but the computer shows equality after} Rfc8 32. Qxe3 {Even here, Esipenko thought White was clearly better.} (32. Rxc5 Qxc5 33. Qe4 $11)) (28... Qf5+ 29. Kh2 d4 30. Nxd4 cxd4 31. Qxd4 {is also playable.}) 29. Na5 $14 Qe6+ 30. Kh2 Ba6 31. Nb3 Bc4 32. Na5 Ba6 33. Nb3 Bc4 34. Re1 $1 Rfe8 {[%eval 176,17] [%wdl 989,11,0]} (34... h6 $16 {[%eval 99,18] [%wdl 483,517,0]}) 35. Na5 $1 $18 Ba6 36. Nb3 Bc4 37. Na5 Ba6 38. Qa4 Red8 {[%eval 206,15] [%wdl 998,2,0]} (38... c4 39. Rcd1 {Black has given up the dark squares.}) (38... Qb6 {[%eval 166,18] [%wdl 981,19,0]}) 39. Nb3 Bc4 40. Na5 Ba6 {Both players make time control and it's +2 advantage for white according to the engine evaluation.} 41. Nb3 Bc4 42. Rc3 e2 {[%eval 293,21] [%wdl 1000,0,0] After this, Black loses the pawn.} ({Wei calculated some incredible lines here.} 42... Bxb3 {[%eval 180,19] [%wdl 992,8,0]} 43. Qxb3 c4 44. Rcxe3 cxb3 45. Rxe6 d4 46. R6e2 Rc2 ({He also showed} 46... d3 47. Rb2 d2 48. Rd1 Rc2 49. Rxb3 Rc1 50. Rxd2 Rxd2 51. Bf4 {He had calculated all of this. White wins.}) 47. Rxc2 bxc2 48. Bf4 d3 49. Bd2 Rb8 50. Kg3 (50. Rc1 Rb7) 50... Rb1 {Wei thought this was unclear, but White has an only winning move.} 51. Rc1 {And the king approaches the pawns, decisively.}) 43. Nc1 (43. Qxa7 d4 44. Nxc5 Rxc5 45. Qxc5 dxc3 $17) 43... Qa6 44. Qc2 (44. Qxa6 Bxa6 45. Nxe2 d4 $16) 44... Re8 45. Nd3 Qf6 46. Rxe2 {White is up a piece and the black initiative has run out of steam.} (46. Rxc4 dxc4 47. Qxc4+ Kh8 $14) 1-0

[Event "FIDE Candidates 2026"]
[Site "Pegeia, Cyprus"]
[Date "2026.04.14"]
[Round "13.2"]
[White "Giri, Anish"]
[Black "Sindarov, Javokhir"]
[Result "1/2-1/2"]
[WhiteElo "2753"]
[BlackElo "2745"]
[Annotator "Crowther,Mark"]
[PlyCount "116"]
[EventDate "2026.??.??"]
[TimeControl "40/7200:1800+30"]

{[%evp 0,116,28,25,25,4,10,10,12,22,22,19,22,16,22,19,58,33,36,36,69,57,62,49,55,63,56,18,20,18,40,32,29,19,7,43,26,27,16,22,40,29,44,53,18,21,21,16,21,22,26,34,34,0,0,0,14,0,18,27,35,38,38,36,26,30,29,29,82,19,16,0,0,0,-6,0,0,0,0,0,0,0,0,-1,0,0,0,-16,0,-3,0,0,0,0,0,9,34,34,97,32,32,31,30,30,21,40,40,40,26,20,20,19,19,13,19,13,16,16,16]} 1. d4 d5 2. c4 e6 3. Nc3 Be7 4. cxd5 exd5 5. Bf4 Nf6 6. e3 O-O 7. Bd3 c5 8. Nge2 Nc6 9. O-O Bg4 (9... cxd4 10. exd4 Bd6 11. Qd2 Re8 12. Ng3 Bxf4 13. Qxf4 Be6 14. Rad1 Qb8 15. Nge2 Qxf4 16. Nxf4 Rad8 17. h4 h6 18. f3 g5 19. hxg5 hxg5 20. Nfe2 Kg7 21. Kf2 Rh8 22. Rh1 Rxh1 23. Rxh1 Rh8 24. Rxh8 Kxh8 25. a3 Kg7 26. Ke3 Ne8 27. f4 f6 28. f5 Bf7 29. g4 Nd6 30. b3 Kf8 31. Nc1 Ke7 32. Be2 Ne8 33. Bf3 Nc7 34. N1e2 Kd6 35. Kd3 Ne7 36. Ng3 Be8 37. Kd2 Nb5 38. Nxb5+ Bxb5 39. Be2 {½-½ Lazavik,D (2605)-Carlsen,M (2840) London SpeedChess Final blitz 2026 (1.18)}) 10. dxc5 Bxc5 11. h3 Bxe2 12. Nxe2 d4 {White is a little bit better, nothing more, but black will have to be precise.} ({RR} 12... Bd6 13. Qb3 Bxf4 14. Nxf4 Qd6 15. Rfd1 Rfd8 16. Rac1 Rab8 17. Bb5 Ne7 18. Be2 b6 19. Bf3 Qe5 20. Qc3 Qxc3 21. Rxc3 Rd7 22. g4 g5 23. Ne2 Rc8 24. Rdc1 Rxc3 25. Rxc3 Kf8 26. Nd4 Ke8 27. Be2 {Maghsoodloo,P (2720)-Rustemov,A (2525) chess.com INT 2026 ½-½ (58)}) 13. e4 {[#]} (13. Rc1 $5 Bb6 14. e4) 13... Re8 $146 ({RR} 13... Nd7 14. a3 (14. Rc1 a5 15. a3 Qb6 16. Qd2 a4 17. Ng3 Rac8 18. Rc2 Nce5 19. Bxe5 Nxe5 20. Rfc1 Rc6 21. f4 Nxd3 22. Qxd3 Rfc8 23. Kf1 Qb3 24. Ke2 b6 25. Qxb3 axb3 26. Rd2 g6 27. Kf3 Be7 28. Rxc6 {Mammadzada,G (2412)-Huseynova,L (2032) Baku AZE 2025 0-1 (34) Mammadzada,G (2412)-Huseynova,L (2032) Baku 2025 0-1 (34)}) 14... Re8 15. Rc1 Rc8 16. b4 Bf8 17. Bb1 {½-½ David,A (2528)-Mastrovasilis,A (2497) Paphos op 1st 2023 (5)} a5 18. Nxd4 axb4 19. axb4 Nxb4 20. Rxc8 Qxc8 21. Nf5 Ne5 22. Qb3 Qe6 23. Qg3 Nbc6 24. Rd1 Ng6 25. Bc7 b5 26. h4 Nge5 27. h5 g6 28. Rd5 {David,A (2528)-Mastrovasilis,A (2497) Paphos CYP 2023 ½-½ (31)} Nc4 29. hxg6 hxg6 30. Bd3 Nb4 31. Bxc4 {½-½ David,A (2528)-Mastrovasilis,A (2497) Paphos op 1st 2023 (5)}) 14. Ng3 Nd7 {Sindarov said his preparation ended somewhere around here, where he started to think on his own.} 15. a3 (15. Bc4 {is preferred by the engines.} Qf6 16. Bd2 d3 17. Bc3) 15... Nde5 {Black is getting closer to equality.} (15... Bf8 {is also roughly the same.}) 16. Bxe5 (16. Bb1 d3 17. Ba2 Qh4 18. Qc1) 16... Nxe5 17. f4 Nxd3 18. Qxd3 Qb6 $1 $11 {Going for the queen trade.} 19. e5 Qa6 (19... Qxb2 {is also about equal.} 20. Ne4 Qb6 21. Rab1 Qc6 22. Nxc5 (22. Rfc1 b6) 22... Qxc5) 20. Qxa6 $6 {After this move, Sindarov said he felt no pressure. Black is quite equal here.} (20. Qf3 {was the move Sindarov suggested to keep some attacking chances. was Sindarov's suggestion at keeping things complicated.} d3+ 21. Kh1 Rad8 22. Rad1 d2 {This is equal.}) (20. Rad1) 20... bxa6 21. Ne4 Bb6 22. Nd6 Re6 23. Nc4 f6 24. Rad1 fxe5 25. fxe5 Rd8 26. Rf4 d3+ 27. Kf1 Bc7 28. Re4 (28. Rf3 {Sindarov showed the following line as \"the maximum\" White could get, which is still a draw.} Bxe5 29. Rfxd3 Rxd3 30. Rxd3 Bc7 31. Kf2 (31. Rd7 {allows} Bg3) 31... Kf7 32. Rd7+ Re7) 28... Rd5 29. Kf2 Bxe5 30. Rxe5 Rexe5 31. Nxe5 Rxe5 32. Rxd3 $11 {This endgame is equal but white is the one who will be trying.} Rb5 33. b3 Kf7 34. a4 Rb7 35. Ke2 Ke6 36. Re3+ Kd6 37. Kd2 a5 38. Rg3 g6 39. Kc3 Rc7+ 40. Kb2 Rc5 41. h4 Re5 42. Rg4 Kc6 43. Rc4+ Kd6 44. g4 Re2+ 45. Ka3 {Black keeps white's King bottled in forever and that's enough to hold.} h6 46. Rd4+ Kc6 47. Rf4 Rh2 48. g5 hxg5 49. Rf6+ Kb7 50. hxg5 Rg2 51. Rxg6 {White can't make progress from here. Any b4 is met by Rg3+ and then axb4. The g pawn is controlled.} a6 52. Rg8 Ka7 53. Rg7+ Kb6 (53... Kb8 {is just as good and perhas even simpler.} 54. g6 Kc8 55. Rh7) 54. g6 Kc6 55. Ra7 Kb6 56. Rg7 Kc6 57. Ra7 {Nothing to be done now, white repeats for a draw.} Kb6 58. Rg7 Kc6 1/2-1/2

[Event "FIDE Candidates 2026"]
[Site "Pegeia, Cyprus"]
[Date "2026.04.14"]
[Round "13.3"]
[White "Nakamura, Hikaru"]
[Black "Bluebaum, Matthias"]
[Result "1/2-1/2"]
[WhiteElo "2810"]
[BlackElo "2698"]
[Annotator "Crowther,Mark"]
[PlyCount "81"]
[EventDate "2026.??.??"]

{[%evp 0,81,28,-15,4,4,10,10,10,-28,18,14,49,49,43,31,34,38,38,14,0,0,50,22,19,17,17,0,0,-5,-5,-5,-3,-7,-3,-8,-8,-31,-35,-44,-35,-43,-42,-28,7,-16,0,0,0,-2,0,-2,2,17,28,23,34,12,48,27,27,0,39,16,28,16,28,0,18,11,29,7,8,-13,25,0,0,0,0,-34,-29,-22,-22,-26]} 1. c4 e6 2. Nc3 d5 3. d4 Nf6 4. Bg5 Be7 5. Nf3 h6 6. Bxf6 Bxf6 7. cxd5 exd5 8. e3 O-O 9. Qb3 c6 10. Bd3 Qb6 ({Relevant:} 10... Nd7 11. O-O Re8 12. h3 Nb6 13. Qc2 Nc4 14. Rfe1 Nd6 15. b4 a6 16. a4 Be6 17. a5 Rc8 18. Na4 Rc7 19. Ne5 g6 20. g4 Bh4 21. Nc5 Bc8 22. Re2 f5 23. f4 Rg7 24. Rg2 Rf8 25. Rf1 g5 26. Qe2 gxf4 27. exf4 Ne4 28. gxf5 Ng3 29. Qf3 Rxf5 30. Ng4 Qd6 31. Bxf5 Bxf5 32. Re1 h5 33. Re8+ Kf7 34. Nxb7 Qxb4 35. Rb2 Qxb2 36. Nd6+ Kg6 37. Nxf5 Nxf5 38. Ne5+ Kh7+ 39. Ng4 hxg4 40. hxg4 {0-1 Hakobyan,A (2613)-Maghsoodloo,P (2701) Yerevan Asrian Memorial Rapid 2025 (6)}) ({RR} 10... Re8 11. O-O Nd7 12. Qc2 Be7 13. Rae1 Nf6 14. Ne5 a6 15. Na4 Be6 16. f4 Rc8 17. a3 a5 18. Rc1 Bd6 19. h3 Ne4 20. f5 Bd7 21. Bxe4 Bxe5 22. dxe5 dxe4 23. Qxe4 c5 24. e6 Bxa4 25. Qxa4 {Abdusattorov,N (2727)-So,W (2752) Toronto CAN 2023 1-0 (36)}) 11. Qc2 Be6 ({RR} 11... Bg4 12. Nd2 Nd7 13. O-O Rac8 14. Rab1 Be6 15. f4 c5 16. f5 cxd4 17. fxe6 dxc3 18. exd7 Qxe3+ 19. Kh1 Rc6 20. Rbe1 Qxd2 21. Bh7+ Kh8 22. Re8 g6 23. Rxf8+ Kg7 24. Qxd2 cxd2 25. d8=Q Bxd8 26. R1xf7# {Ilinca,F (2450)-Coicev,M (2340) Timisoara ROU 2026 1-0}) 12. O-O Nd7 13. Na4 $146 ({RR} 13. h3 Qc7 14. Rac1 Qd6 15. Ne2 Rfc8 16. Nf4 Nf8 17. Rfd1 g6 18. Qb3 Rc7 19. Rc3 Bd7 20. Rdc1 Ne6 21. Nxe6 Bxe6 22. Qc2 Kg7 23. a3 a5 24. Nh2 Bd7 25. f4 Qe7 26. Qf2 b6 27. Nf3 c5 {Sarana,A (2697)-Samant,A (2512) chess.com INT 2024 1-0 (51)}) ({RR} 13. h3 Qc7 14. Rac1 Qd6 15. Ne2 Rfc8 16. Nf4 Nf8 17. Rfd1 g6 18. Qb3 Rc7 19. Rc3 Bd7 20. Rdc1 Ne6 21. Nxe6 Bxe6 22. Qc2 Kg7 23. a3 a5 24. Nh2 Bd7 25. f4 Qe7 26. Qf2 b6 27. Nf3 c5 {Sarana,A (2697)-Samant,A (2512) chess.com INT 2024 1-0 (51)}) ({RR} 13. h3 Qc7 14. Rac1 Qd6 15. Ne2 Rfc8 16. Nf4 Nf8 17. Rfd1 g6 18. Qb3 Rc7 19. Rc3 Bd7 20. Rdc1 Ne6 21. Nxe6 Bxe6 22. Qc2 Kg7 23. a3 a5 24. Nh2 Bd7 25. f4 Qe7 26. Qf2 b6 27. Nf3 c5 {Sarana,A (2697)-Samant,A (2512) chess.com INT 2024 1-0 (51)}) 13... Qb4 14. a3 {[#]} Qe7 $146 ({Predecessor:} 14... Qd6 15. b4 b6 16. Rfc1 Rfc8 17. Ba6 Rc7 18. Nc3 Bd8 19. Qb3 Nb8 20. Bf1 g6 21. b5 Rc8 22. bxc6 a6 23. Qb4 Qc7 24. Ne5 Nxc6 25. Nxc6 Qxc6 26. Ne2 a5 27. Qb3 a4 28. Qb4 Qb7 29. Rxc8 Qxc8 30. Nf4 Bg5 31. Nxe6 Qxe6 32. g3 Kg7 33. Rb1 Be7 34. Bh3 Qd6 35. Qxd6 Bxd6 {½-½ Hildebrand,G (2131)-Lemke,B (2095) GER DSF C21 f email ICCF email rapid 2022}) 15. b4 b5 16. Nc5 Nxc5 17. bxc5 a5 18. a4 {[%eval -40,18] [%wdl 1,960,39]} (18. h3 $11 {[%eval 8,19] [%wdl 7,990,3]}) 18... b4 $15 {Black is maybe a fraction better but it doesn't turn out to be anything.} 19. Rae1 Qd7 20. Nd2 g6 21. f4 Bf5 22. Bxf5 Qxf5 23. Qxf5 gxf5 24. Nf3 Kh7 25. Kf2 Rae8 26. Ke2 Rg8 27. g3 Re6 28. Kd3 Rg7 29. Rg1 h5 30. h3 Kg8 31. Ref1 Bd8 32. Ne5 Bc7 33. Nf3 Bd8 34. Rf2 Rh6 35. Rfg2 Kf8 36. Ke2 Rg8 37. Rh2 Rg7 38. Ne5 Bc7 39. Nd3 Ke7 40. Kf3 Rg8 41. Rhg2 1/2-1/2

[Event "FIDE Candidates 2026"]
[Site "Pegeia, Cyprus"]
[Date "2026.04.14"]
[Round "13.4"]
[White "Caruana, Fabiano"]
[Black "Praggnanandhaa R"]
[Result "1/2-1/2"]
[WhiteElo "2795"]
[BlackElo "2741"]
[Annotator "Crowther,Mark"]
[PlyCount "85"]
[EventDate "2026.??.??"]
[TimeControl "40/7200:1800+30"]

{[%evp 0,85,28,25,28,4,10,10,10,10,31,-25,1,-36,-28,-9,-10,-7,-7,13,-14,-30,18,-15,-26,-26,-19,-28,-23,-31,22,-34,1,-48,-26,-28,11,43,30,26,5,5,5,1,84,65,106,105,148,33,44,62,92,88,96,76,113,110,70,119,129,129,126,126,126,157,123,151,164,103,109,91,91,104,104,113,113,108,108,108,108,108,108,104,116,41,52,62]} 1. d4 Nf6 2. c4 e6 3. Nc3 Bb4 4. Nf3 b6 5. Bg5 h6 6. Bh4 g5 7. Bg3 Ne4 8. Qc2 Bb7 9. e3 d6 10. Bd3 Bxc3+ 11. bxc3 f5 12. c5 Nd7 (12... bxc5 13. Qb3 Bd5 14. c4 Nxg3 15. cxd5 Nxh1 16. dxe6 g4) ({RR} 12... O-O 13. cxd6 cxd6 14. Qb3 Qe7 15. a4 Nc6 16. Bxe4 fxe4 17. Nd2 Na5 18. Qb4 Rfd8 19. h4 Nc6 20. Qb1 d5 21. hxg5 hxg5 22. f3 Kg7 23. fxe4 Rh8 24. O-O Rh6 25. Nf3 Rah8 26. Nh2 Kg8 27. exd5 {Voege,T (2298)-Wilgosz,J (1820) Lienz AUT 2025 1-0 (33)}) 13. cxd6 cxd6 14. O-O {[#]} Qe7 $146 {A new move. Four moves had been played previously.} ({RR} 14... Ndf6 15. c4 O-O 16. a4 Rf7 17. a5 bxa5 18. Nd2 Rc8 19. Nxe4 Nxe4 20. f3 Nxg3 21. hxg3 Ba6 22. Qe2 e5 23. g4 exd4 24. gxf5 dxe3 25. Qxe3 Bxc4 26. Bxc4 Rxc4 27. Rab1 Qc8 28. Rfd1 Qc5 29. Qxc5 {Wagner,D (2571)-Donchenko,A (2569) Drancy 2016 0-1 (51)}) ({RR} 14... Rc8 15. Qa4 Bc6 16. Qa3 Nxg3 17. fxg3 Qc7 18. Nd2 Nf6 19. Rae1 O-O 20. e4 fxe4 21. Nxe4 Nxe4 22. Rxf8+ Rxf8 23. Bxe4 Bxe4 24. Rxe4 Qf7 25. h4 Qf1+ 26. Kh2 Rf2 {0-1 (26) Voege,T (2272)-Zhigalko,S (2572) Chess.com INT 2022}) ({RR} 14... h5 15. h4 Qe7 16. Bxe4 Bxe4 17. Qe2 gxh4 18. Bxh4 Nf6 19. Ng5 Bc6 20. c4 Ne4 21. Nxe4 Qxh4 22. Nxd6+ Ke7 23. d5 Rag8 24. f4 Ba8 25. Nb5 Rg3 26. Rf3 exd5 27. Qb2 d4 28. Nxd4 Rf8 29. Qa3+ {Moiseenko,A (2712)-Lupulescu,C (2643) Yerevan 2014 1-0 (48)}) (14... O-O 15. Nd2 Ndf6 16. Nxe4 Nxe4 17. f3 Nxg3 18. hxg3 Rc8 19. Rac1 Qe7 20. e4 f4 21. g4 e5 22. Qa4 Bc6 23. Bb5 Qd7 24. Qb3+ Kg7 25. a4 Qf7 26. Qb4 Rfd8 27. Rfd1 a5 28. Qb2 h5 29. dxe5 hxg4 30. Rxd6 Rxd6 31. exd6 Qf6 32. Rd1 gxf3 33. Bxc6 Rxc6 34. Qd2 f2+ 35. Kxf2 Rc8 36. Qd4 Kf7 37. Qd5+ Qe6 38. Qxg5 Rg8 39. Qxf4+ Ke8 40. d7+ Ke7 41. d8=Q+ Rxd8 42. Qc7+ {1-0 Moiseenko,A (2561)-Idani,P (2605) Chess.com Classic Div 3 W Chess.com INT rapid 2024 (1.3)}) 15. Bxe4 Bxe4 16. Qe2 Bb7 17. Nd2 h5 $2 {[%eval 72,21] [%wdl 184,816,0] A mistake, but one that Polgar and Howell couldn't punish without some help from the evaluation bar. White will give up the bishop. Too amibtious.} (17... O-O-O) (17... O-O {Castling in either direction was playable.}) (17... Rc8) (17... e5 $11 {[%eval -6,20] [%wdl 3,991,6] Howell pointed to this as the most natural move.}) 18. Nc4 $1 $16 {Hitting d6, so forcing Black to continue with his move.} f4 19. exf4 h4 {Black traps the bishop, but at what cost $2} 20. fxg5 $1 hxg3 21. fxg3 {White has three pawns for the piece, as well as good play against the king.} Rc8 $2 {[%eval 294,14] [%wdl 1000,0,0]} (21... O-O-O {is met with} 22. Rf7 $1 {The point is} Qxf7 (22... Qxg5 23. Nxd6+ Kb8 24. Nxb7 {is also a disaster.} Kxb7 25. Qxe6) 23. Nxd6+) (21... Rg8 $16 {[%eval 133,18] [%wdl 877,123,0] is the computer suggestion, and it suggests that perhaps Black can survive (though the evaluation climbs as the computer thinks longer).} 22. Qh5+ Kd8 23. h4 Kc7 24. Rf7 {Good luck surviving this against Fabiano Caruana.}) 22. g6 $1 $18 {With a rook coming to the seventh rank, White is already winning.} Ba6 23. g7 $1 Rg8 24. Qh5+ Kd8 25. Rf7 {The queen is trapped.} Bxc4 (25... Nf6 26. Qg6) 26. Rxe7 Kxe7 27. Qg6 Nf6 28. d5 $1 Nxd5 (28... Bxd5 29. Rf1 {is now possible, as the bishop covered the f1-square.}) 29. h4 Nf6 30. h5 {The connected passers cost another piece.} Nxh5 31. Qxh5 Rxg7 32. Rd1 Bd5 33. Qh4+ (33. Qh6 Rf7 34. Qh4+ {may be more precise.}) 33... Kd7 34. Qa4+ Kd8 35. Rf1 Rxc3 36. Rf8+ Kc7 37. Qxa7+ Bb7 38. Qb8+ $2 {Played with just under five minutes for three more moves.} (38. Rb8 $1 {would have ended the game. The point is} Kc6 (38... Rc1+ {Black can check a few times, but it won't change the tactical motif.}) 39. Rc8+ {Black drops one of the rooks.}) (38. g4 Rc1+ 39. Kh2 Rc4 40. Rb8 Kc6 41. Rc8+ Rc7 42. Rxc7+ Kxc7 43. Kh3) 38... Kc6 39. Qe8+ Kc5 40. Qxe6 $6 {[%eval 10,22] [%wdl 3,996,1] The position is objectively drawn now. It hasn't been easy to exploit white's advantage and now he's no longer better.} (40. a4 $1 $16 {[%eval 79,23] [%wdl 201,799,0] was the only move to keep some advantage, according to the engine, but it's no longer winning.} Rcxg3 41. Qb5+ (41. Qxe6 Rxg2+ 42. Kf1 Ba6+ 43. Ke1 Rg1+ 44. Kd2 R7g2+ 45. Kc3 Rc1+ 46. Kb3 Bc4+ $19) 41... Kd4 42. Qb2+ (42. Qb4+ Ke5 43. Qb2+ (43. Qxb6 Rxg2+ 44. Kf1 Be4 $11) 43... Kd5 44. Qb5+ (44. Qxb6 Rxg2+ 45. Kf1 Ke5 $16)) (42. Qxb6+ Kc3 $16) 42... Kc5 {And it's far from clear how White should continue.}) 40... Rcxg3 $11 41. Rf5+ Kc6 $1 42. Rf2 Kc7 43. Rf7+ 1/2-1/2